000 00748nam a22001937a 4500
999 _c371785
_d371785
008 201127b ||||| |||| 00| 0 eng d
040 _aDE-2950
_bger
_cDE-2950
_erda
041 _ager
245 _aFahren die Busse wie bestellt?.
_bNahverkehr. Die Stadtverkehrsgesellschaft Frankfurt (Oder) hat ein neues digitales Angebot zur Buchung der Rufbusse. Die MOZ hat den Test gemacht/ .
_cPhilipp Stepputis
264 _c2022
653 _aFrankfurt (Oder)
653 _aÖPNV
653 _aRufbus
773 _dFrankfurt (Oder) Märkisches Verlags- und Druckhaus GmbH & Co KG
_tMärkische Oderzeitung
_g33. Jahrgang (2022) Nr. 183 vom 08.08.2022, S. 11; Foto
942 _cA